000 00361nam a2200157Ia 4500
008 230917s9999||||xx |||||||||||||| ||und||
020 _cGBP1.5
040 _e136492
_aMAIN
041 _aEnglish
082 _a822.09 B633M
100 _aBogard
245 0 _aModern drama
260 _aLondon
_bOxford University Press
_c1965
300 _a392 p.
942 _cBK
999 _c89970
_d89970